000 00883nam a2200313Ia 4500
003 SMC
005 20161110110314.0
008 160517s9999 xx 000 0 und d
020 _a0-273-68208-3
050 _aComSc HD 30.2
050 _b.A76 2003
100 _aAron, Dave.
245 _aUnderstanding IT :
245 _ba manager's guide /
245 _cDave Aron, Jeffrey L. Sampler.
260 _aEngland :
260 _bPearson Educ. Limitied,
260 _c2008
300 _a165 pages :
300 _bill. ;
300 _c24 cm.
500 _aIncludes index.
650 _aComputer networks -- Management.
650 _aInformation technology -- Management.
650 _aManagement information systems.
650 _xBusiness enterprises -- Communication systems -- Management.
650 _xElectronic commerce -- Management.
942 _2lcc
_cBK
999 _c294149
_d294149